Human Resource Management (Record no. 804)

MARC details
000 -LEADER
fixed length control field 00407nam a22001697a 4500
005 - DATE AND TIME OF LATEST TRANSACTION
control field 20160514120106.0
008 - FIXED-LENGTH DATA ELEMENTS--GENERAL INFORMATION
fixed length control field 160514b xxu||||| |||| 00| 0 eng d
020 ## - INTERNATIONAL STANDARD BOOK NUMBER
ISBN 981-243-519-5
041 ## - LANGUAGE CODE
Language code of text/sound track or separate title eng
082 ## - DEWEY DECIMAL CLASSIFICATION NUMBER
Item number 2168
100 ## - MAIN ENTRY--AUTHOR NAME
Personal name Robert L. Mathis John H. Jackson
245 ## - TITLE STATEMENT
Title Human Resource Management
260 ## - PUBLICATION, DISTRIBUTION, ETC. (IMPRINT)
Name of publisher Eastant Pears
Year of publication 2003
300 ## - PHYSICAL DESCRIPTION
Number of Pages 621
650 ## - SUBJECT ADDED ENTRY--TOPICAL TERM
Topical Term Management
942 ## - ADDED ENTRY ELEMENTS (KOHA)
Koha item type Books
Holdings
Lost status Damaged status Collection code Home library Current library Shelving location Date acquired Full call number Accession Number Koha item type
    MANAGEMENT JRU Library JRU Library SHELF-63-B 14/05/2016 2168 2168 Books